| 000 | 00790nam a2200265Ia 4500 | ||
|---|---|---|---|
| 003 | OSt | ||
| 005 | 20221005082406.0 | ||
| 006 | a|||||r|||| 00| 0 | ||
| 007 | ta | ||
| 008 | 221004b |||||||| |||| 00| 0 eng d | ||
| 020 |
_a8175412380 _c550 |
||
| 024 | _a84735 | ||
| 037 |
_b345, 24/03/2006, Ashutosh Technical Books _cTextual |
||
| 040 |
_aCRL _cCRL _beng |
||
| 041 |
_2eng _aeng |
||
| 082 | _aW6.2, P5 | ||
| 100 | _aRoy Ramashray | ||
| 245 | 0 |
_aDemocracy in India _b form and substance |
|
| 260 |
_aNew Delhi _bShipra Publications India _c2005 |
||
| 300 |
_avii, 278p. _ccm. |
||
| 650 | _a POLITICAL SCIENCE | ||
| 650 | _aDEMOCRACY - INDIA | ||
| 942 |
_hW6.2, P5 _cTEXL _2cc |
||
| 999 |
_c989248 _d989248 |
||